The Walking Dead Characters Ultimate - Statistics

General Stats
  • This quiz has been taken 330 times
  • The average score is 57 of 151
Answer Stats
Character % Correct
Rick
98%
Carl
95%
Daryl
94%
Maggie
92%
Carol
90%
Glenn
90%
Hershel
90%
Negan
89%
Lori
88%
Michonne
87%
Shane
87%
Beth
85%
Andrea
82%
Merle
81%
Abraham
80%
Judith
79%
Rosita
79%
T-Dog
79%
Sophia
77%
Alpha
75%
Morgan
74%
Eugene
73%
Aaron
72%
Dale
71%
Sasha
71%
Beta
69%
Ezekiel
69%
Tyreese
68%
Amy
67%
Ed
67%
Gabriel
67%
Dwight
66%
Paul
65%
Tara
63%
Jim
59%
Simon
59%
Bob
57%
Enid
57%
Otis
57%
Henry
51%
Noah
50%
Lydia
49%
Sam
49%
Patricia
48%
Ron
48%
Deanna
46%
Jessie
46%
Philip
46%
Spencer
46%
Gareth
44%
Jacqui
44%
Lizzie
44%
Axel
43%
Connie
43%
Eric
43%
Jerry
43%
Morales
42%
Duane
40%
Pete
40%
Yumiko
40%
Gregory
39%
RJ
39%
Siddiq
39%
Jimmy
38%
Magna
38%
Mika
38%
Olivia
38%
Alden
36%
Luke
36%
Ben
35%
Denise
35%
Milton
35%
Jadis
34%
Martin
34%
Kelly
32%
Nicholas
32%
Oscar
32%
Lucille
31%
Juanita
30%
Lily
30%
Dawn
29%
Joe
29%
Randal
29%
Shiva
29%
Aiden
28%
Leah
28%
Reg
28%
Edwin
27%
Pamela
27%
Mary
26%
Alex
25%
Andrew
25%
David
25%
Benjamin
24%
Meghan
24%
Mercer
24%
Heath
23%
Patrick
23%
Sherry
23%
Gavin
22%
Karen
22%
Richard
22%
Dave
21%
Laura
21%
Max
21%
Lance
20%
Tomas
20%
Pope
19%
Sebastian
19%
Shumpert
18%
Allen
17%
Owen
17%
Tony
17%
Socorro
15%
Caesar
14%
Cyndie
14%
Nabila
14%
Dante
13%
Guillermo
13%
Ryan
13%
Steven
13%
Anne
12%
Jenny
12%
Zach
12%
Elijah
11%
Mitch
11%
Eliza
10%
Miranda
10%
Beatrice
9%
Louis
9%
Paula
9%
Virgil
9%
Caleb
8%
Natania
8%
Molly
7%
Tina
7%
Agatha
6%
Duncan
6%
Carter
5%
Gargulio
5%
Felipe
4%
Frances
4%
Tomichi
4%
Amanda
3%
Georgie
3%
Miguel
3%
Franco
2%
Hilda
2%
Jorge
2%
Midge
2%
Primo
2%
No matching quizzes found
Score Distribution
Percent of People with Each Score
Percentile by Number Answered
Your Score History
You have not taken this quiz